000
00281nam a2200109 a 4500
005
20140414132102.0
008
100702s19uu xx 00 eng d
050
_a
ER
_b
L72 2004
245
_a
The little mermaid.
260
_a
Manila, Philippines :
_b
Lampara,
_c
2004.
999
_c
114481
_d
114481